La América precolombina

Guardat en:
Dades bibliogràfiques
Autor principal: Lucena Salmoral, Manuel (autor)
Format: Llibre
Idioma:espanyol
Publicat: Madrid Grupo Anaya S. A 2011
Edició:9a. ed
Col·lecció:Biblioteca Básica de Historia
Matèries:
Etiquetes: Afegir etiqueta
Sense etiquetes, Sigues el primer a etiquetar aquest registre!

MARC

LEADER 00000cam a2200000 a 4500
001 UCF7618
003 CL-VaPUC
008 130627e20111100SP |||||||||||||||||spa|d
020 |a 9788420734200 
082 0 4 |a 980.012  |b LUC  |2 21 
100 |a Lucena Salmoral, Manuel  |e autor  |9 588473 
245 1 3 |a La América precolombina 
250 |a 9a. ed 
300 |a 96 p 
942 |c BK 
945 |d 20130627 00:00:00  |a dcastane 
260 |a Madrid  |b Grupo Anaya S. A  |c 2011 
650 0 |a Historia de América  |9 266076 
650 0 |a América Precolombina  |9 446253 
583 |a last modification  |c 20130627 13:18:00  |k Rodrigo Vera 
490 0 |a Biblioteca Básica de Historia 
999 |c 352426  |d 352424